| 000 -LEADER |
| fixed length control field |
00449pab a2200169 454500 |
| 008 - FIXED-LENGTH DATA ELEMENTS--GENERAL INFORMATION |
| fixed length control field |
180718b2005 xxu||||| |||| 00| 0 eng d |
| 100 ## - MAIN ENTRY--PERSONAL NAME |
| Personal name |
Weir, Margaret |
| 245 ## - TITLE STATEMENT |
| Title |
The calculus of coalitions: cities suburbs, and the metropolitan agenda |
| 260 ## - PUBLICATION, DISTRIBUTION, ETC. |
| Date of publication, distribution, etc. |
2005 |
| 300 ## - PHYSICAL DESCRIPTION |
| Extent |
p.730-60. |
| 362 ## - DATES OF PUBLICATION AND/OR SEQUENTIAL DESIGNATION |
| Dates of publication and/or sequential designation |
Jul |
| 650 ## - SUBJECT ADDED ENTRY--TOPICAL TERM |
| Topical term or geographic name entry element |
Urban development |
| 700 ## - ADDED ENTRY--PERSONAL NAME |
| Personal name |
Swanstrom, Todd |
| 700 ## - ADDED ENTRY--PERSONAL NAME |
| Personal name |
Wolman, Harold |
| 773 ## - HOST ITEM ENTRY |
| Main entry heading |
Urban Affairs Review |
| 909 ## - |
| -- |
66062 |